000 00834nam a2200265 a 4500
999 _c2851
_d2851
001 2300486
003 GBCCL
005 20241126110441.0
008 810506s1981 tnua b 000 0 eng
010 _a 80067351
020 _a0805432019 (pbk.)
040 _aDLC
_cDLC
_dDLC
050 0 0 _aBV1558
_b.C6 1981
082 0 0 _a268.6
_219
_bCOL
100 1 _aColson, Howard P.,
_d1910-
_95973
245 1 0 _aUnderstanding your church's curriculum /
_cHoward P. Colson and Raymond M. Rigdon.
250 _aRev. ed.
260 _aNashville, Tenn. :
_bBroadman Press,
_cc1981.
300 _a158 p. :
_bill. ;
_c20 cm.
504 _aIncludes bibliographical references.
650 0 _aChristian education
_xCurricula.
_95974
700 1 _aRigdon, Raymond M.
_95975
906 _a7
_bcbc
_corignew
_d2
_eopcn
_f19
_gy-gencatlg
942 _2ddc
_cBK
_01